Cinéma en images par lettres - T - Statistiques

Statistiques générales
  • Ce quiz a été pris 266 fois
  • Le résultat moyen est 15 sur 24
Statistiques - réponses
Par images Hint Réponse % Correct
Franchise Les Tuche
97%
Film Titanic
97%
Personnage Thor
96%
Franchise Terminator
89%
Réalisateur Quentin Tarantino
88%
Acteur John Travolta
82%
Actrice Audrey Tautou
80%
Film The Truman Show
80%
Étape de production Tournage
79%
Personnage Totoro
77%
Acteur Patrick Timsit
60%
Mouvement de caméra Traveling
57%
Actrice Uma Thurman
57%
Film Les Temps Modernes
55%
Acteur Fred Testot
54%
Film Les tontons flingueurs
54%
Film Tron
54%
Actrice Charlize Theron
48%
Réalisateur François Truffaut
39%
Film Tchao Pantin
33%
Acteur Jean-Louis Trintignant
30%
Actrice Sylvie Testud
27%
Film Les Triplettes de Belleville
26%
Studio TriStar
11%
Aucun quiz correspondant
Distribution des résultats
% des personnes avec chaque résultat
Percentile par nombre de réponses
Votre historique - résultats
Vous n’avez pas pris ce quiz